Fast and Furious Trivia - Statistics

General Stats
  • This quiz has been taken 357 times
  • The average score is 16 of 50
Answer Stats
Hint Answer % Correct
Who plays Brian O'Conner? Paul walker
98%
Who is Furious 7 tributed to? Paul Walker
98%
Who plays Dominic Toretto? Vin Diesel
93%
What kind of car does Dom drive at the end of The Fast and The Furious? 1970 Dodge Charger R/T
74%
Who "dies" during a street race in Tokyo Drift? Han
68%
Who plays Luke Hobbs? Dwayne Johnson
66%
Who wrecks their car at the end of The Fast and The Furious? Dom
64%
Who plays Leticia Ortiz (Letty)? Michelle Rodriguez
64%
Who put Letty undercover in The Fast and Furious? Brian
63%
Who says "Dom, cars don't fly"? Brian
63%
What does DK stand for? Drift King
62%
Who gets into a fight with Brian outside the cafe in The Fast and The Furious? Vince
61%
Who plays Deckard Shaw? Jason Statham
47%
Who buys a plane with the money from Fast Five? Roman
47%
Who plays Mia Toretto? Jordana Brewster
45%
What is Mia and Brian's son named? Jack
44%
What song is played at the end of Furious 7? See you again
38%
Who plays Roman Pearce? Tyrese Gibson
38%
What is Brian in The Fast and The Furious? An undercover FBI agent
34%
What is driven on a bridge in Fast 6 A tank
31%
What does Tej do as a day job in 2 Fast 2 Furious? Mechanic
31%
What does the crew have to take down at the end of Fast 6? A plane
28%
What is raised at the end of the street race in 2 Fast 2 Furious? A bridge
26%
Who drove their Torino Cobra through a retaining wall? Letty
25%
Who does Dom visit in New York? Magdalene "Queenie" Shaw
25%
Who plays Han Seoul-Oh? Sung Kang
22%
What is out in the desert that the crew visits in the 1st and the 7th movies? Race Wars
20%
Who's impound lot do Brian and Roman break into in 2 Fast 2 Furious? Carter Verone
19%
What is Mose Jakande after in Furious 7? God's Eye
18%
Who plays Cipher? Charlize Theron
17%
Who plays Mr. Nobody? Kurt Russell
17%
Who plays Sean Boswell Lucas Black
15%
Who plays Little Nobody? Scott Eastwood
15%
Who plays Vince? Matt Schulze
14%
Who does the crew steal from in Fast Five? Hernan Reyes
13%
Who plays Tej Parker? Christopher "Ludacris" Bridges
12%
Who plays Elena Neves? Elsa Pataky
12%
Who plays Owen Shaw? Luke Evans
12%
Who is after Ramsey in Furious 7? Mose Jakande
12%
Who plays Megan Ramsey? Nathalie Emmanuel
11%
What car does Shaun drive at the beginning of Tokyo Drift? Chevrolet Monte Carlo SS
10%
Who plays Magdalene "Queenie" Shaw? Helen Mirren
10%
What agency does Hobbs work for? DSS
8%
Who is being held captive in Fate of the Furious? Elena and Dom's son
8%
Who "kills" Letty in The Fast and Furious? Fenix Calderon
7%
Who plays Carter Verone? Cole Hauser
3%
Who plays Arturo Braga? John Ortiz
3%
Who plays Mose Jakande? Djimon Hounsou
2%
What is the car garage called in Fate of the Furious? Toy Shop
1%
What car does Dom drive in New York in Fate of the Furious? 1971 Plymouth GTX
0%
No matching quizzes found
Score Distribution
Percent of People with Each Score
Percentile by Number Answered
Your Score History
You have not taken this quiz